[Event "Hastings7879"]
[Site "Hastings"]
[Date "1978.??.??"]
[Round "14"]
[White "Kochyev, Alexander"]
[Black "Lein, Anatoly"]
[Result "1/2-1/2"]
[WhiteElo "2555"]
[BlackElo "2505"]

1.e4 e5 2.Nf3 Nf6 3.Nxe5 d6 4.Nf3 Nxe4 5.Qe2 Qe7 6.Nc3 Nxc3 7.dxc3 Nc6 8.Bg5 Qxe2+
9.Bxe2 Be7 10.Bxe7 Kxe7 11.Kd2 Bd7 12.Nd4 Nxd4 13.cxd4  1/2-1/2

[Event "Hastings7879"]
[Site "Hastings"]
[Date "1978.??.??"]
[Round "14"]
[White "Biyiasas, Peter"]
[Black "Csom, Istvan"]
[Result "1/2-1/2"]
[WhiteElo "2450"]
[BlackElo "2510"]

1.Nf3 Nf6 2.g3 g6 3.Bg2 Bg7 4.O-O O-O 5.d3 c5 6.e4 Nc6 7.c4 d6 8.Nc3 Ne8
9.Be3 Nd4 10.Qd2 Bg4 11.Nh4 Rb8 12.f4 Bd7 13.f5 b5 14.Rf2 bxc4 15.dxc4 Nc6
16.Raf1 Ne5 17.Qe2 Nf6 18.h3 Bc6 19.g4 Re8 20.Nd5 Nfd7 21.g5 a5 22.Bc1 a4
23.Ne3 Rb4 24.fxg6 fxg6 25.Nhf5 Bf8 26.Nh6+ Bxh6 27.gxh6 Rf8 28.a3 Rb8 29.Nd5 Rxf2
30.Rxf2 Nb6 31.Nxb6 Qxb6 32.Bg5 Qd8 33.Bf4 Bd7 34.Bxe5 dxe5 35.Qe3 Qc7 36.Qg5 Be6
37.Bf1 Rf8 38.Rxf8+ Kxf8 39.h4 Qd6 40.Qe3 Kf7 41.Be2 Bd7 42.Kf2 Qd4 43.Qxd4 exd4
44.e5 Bf5 45.Kg3 Bc2 46.Bf3 Bb3 47.Be2 Bc2 48.Bf3 Bb3 49.Be2  1/2-1/2

[Event "Hastings7879"]
[Site "Hastings"]
[Date "1978.??.??"]
[Round "14"]
[White "Hartston, William R"]
[Black "Andersson, Ulf"]
[Result "1/2-1/2"]
[WhiteElo "2475"]
[BlackElo "2545"]

1.Nf3 Nf6 2.g3 d5 3.Bg2 g6 4.O-O Bg7 5.c4 c6 6.cxd5 cxd5 7.d4 O-O 8.Nc3 e6
9.Ne5 Nfd7 10.f4 f6 11.Nd3 Nc6 12.e3 Re8 13.b3 Ne7 14.g4 f5 15.g5  1/2-1/2

[Event "Hastings7879"]
[Site "Hastings"]
[Date "1978.??.??"]
[Round "15"]
[White "Csom, Istvan"]
[Black "Mestel, A Jonathan"]
[Result "0-1"]
[WhiteElo "2510"]
[BlackElo "2450"]

1.c4 g6 2.Nc3 Bg7 3.g3 Nf6 4.Bg2 O-O 5.e4 c5 6.Nge2 Nc6 7.d3 d6 8.O-O Ne8
9.Be3 Nd4 10.Nd5 e6 11.Ndc3 Rb8 12.Qd2 Qa5 13.Rac1 a6 14.Rfd1 Bd7 15.b3 Nc7
16.Bg5 Rfc8 17.Nxd4 cxd4 18.Ne2 Qa3 19.Rc2 a5 20.Qe1 Na6 21.Bc1 Qc5 22.a3 Qc7
23.Bd2 Nc5 24.Bxa5 b6 25.Bb4 Nxb3 26.Rb1 Nc5 27.Qd2 e5 28.Nc1 Qa7 29.Bf3 Qa6
30.Bd1 h5 31.Rcb2 Kh7 32.Qe2 Bh6 33.Bd2 Bxd2 34.Qxd2 b5 35.cxb5 Rxb5 36.Rb4 Rcb8
37.Rxb5 Rxb5 38.Ra1 Ra5 39.Qb4 Ba4 40.Be2 Rb5 41.Qd2 Qb7 42.Qg5 Kg7 43.Kg2 Rb2
44.Qd8 Nxe4 45.f3 Nc3 46.Kf2 Nxe2  0-1

[Event "Hastings7879"]
[Site "Hastings"]
[Date "1978.??.??"]
[Round "15"]
[White "Suba, Mihai"]
[Black "Kochyev, Alexander"]
[Result "0-1"]
[WhiteElo "2430"]
[BlackElo "2555"]

1.c4 Nf6 2.Nc3 g6 3.e4 d6 4.d4 Bg7 5.Be2 O-O 6.Bg5 Nbd7 7.Qd2 c6 8.Nf3 e5
9.O-O exd4 10.Nxd4 Nc5 11.f3 Nfxe4 12.Nxe4 Nxe4 13.fxe4 Bxd4+ 14.Qxd4 Qxg5
15.Qxd6 Qe3+ 16.Rf2 Be6 17.Qf4 Qxf4 18.Rxf4 Rfd8 19.Bf1 Rd4 20.b3 a5 21.Re1 a4
22.Rf2 a3 23.Rc2 c5 24.Kf2 Rad8 25.g3 Kg7 26.Bg2 Bg4 27.Bf3 Bxf3 28.Kxf3 Rd2
29.Re2 Rxc2 30.Rxc2 Kf6 31.Kf4 Rd1 32.Rf2 Rb1 33.Ke3+ Ke6 34.Kd3 Rb2 35.Rxb2 axb2
36.Kc2 Ke5 37.Kxb2 Kxe4 38.Kc3 f5 39.Kd2 g5 40.Kc2 Kd4 41.Kd2 h6 42.h3 b6
43.a3 f4 44.gxf4 gxf4 45.h4 h5  0-1

[Event "Hastings7879"]
[Site "Hastings"]
[Date "1978.??.??"]
[Round "15"]
[White "Christiansen, Larry Mark"]
[Black "Biyiasas, Peter"]
[Result "1/2-1/2"]
[WhiteElo "2490"]
[BlackElo "2450"]

1.c4 Nf6 2.Nc3 g6 3.e4 d6 4.d4 Bg7 5.Be2 O-O 6.Nf3 e5 7.Be3 Ng4 8.Bg5 f6
9.Bc1 Nc6 10.O-O Nh6 11.h3 Nf7 12.Be3 f5 13.dxe5 dxe5 14.exf5 gxf5 15.Qd5 Nd4
16.Rad1 c6 17.Qxd8 Nxe2+ 18.Nxe2 Rxd8 19.Rxd8+ Nxd8 20.Rd1 Be6 21.b3 Nf7
22.Ng5 Nxg5 23.Bxg5 Kf7 24.f3 b5 25.cxb5 cxb5 26.Rd8 Rxd8 27.Bxd8 Ke8 28.Ba5 Bf8
29.Bc7 Bg7 30.Ba5 Bd7 31.Bc3 Kf7 32.Nc1 Be8 33.Kf2 Bh6 34.Nd3 e4 35.fxe4 fxe4
36.Nc5 Bc6 37.Bd4 e3+ 38.Bxe3 Bxe3+ 39.Kxe3 Bxg2 40.h4 a5 41.a3 Ke7 42.b4 a4
43.Kd4 Kd6 44.Ne4+ Bxe4 45.Kxe4 Ke6 46.h5 h6 47.Kd4 Kd6 48.Ke4 Ke6  1/2-1/2

[Event "Hastings7879"]
[Site "Hastings"]
[Date "1978.??.??"]
[Round "15"]
[White "Botterill, George Steven"]
[Black "Taulbut, Shaun M"]
[Result "1/2-1/2"]
[WhiteElo "2400"]
[BlackElo "2405"]

1.d4 g6 2.c4 Bg7 3.Nf3 d6 4.g3 Nf6 5.Bg2 O-O 6.O-O Nc6 7.Nc3 a6 8.d5 Na5
9.Nd2 c5 10.Qc2 Rb8 11.Rb1 e6 12.a3 exd5 13.Nxd5 Nc6 14.Nxf6+ Bxf6 15.Ne4 Bf5
16.Bh6 Re8 17.Nxf6+ Qxf6 18.e4 Bg4 19.Qd2 Ne5 20.f3 Bd7 21.b3 Nc6 22.Bf4 Nd4
23.b4 b6 24.Be3 b5 25.cxb5 Bxb5 26.Rf2 Rbc8 27.Qb2 Ba4 28.Rc1 Qg7 29.bxc5 dxc5
30.Rxc5 Rxc5 31.Bxd4 Qf8 32.Bxc5 Qxc5 33.Bf1 a5 34.Kg2 Rd8 35.Rd2 Rxd2+ 36.Qxd2 Qxa3
37.Qd8+ Kg7 38.Qxa5 Qb2+ 39.Kg1 Qd4+ 40.Kg2 Qb2+ 41.Kg1  1/2-1/2

[Event "Hastings7879"]
[Site "Hastings"]
[Date "1978.??.??"]
[Round "15"]
[White "Andersson, Ulf"]
[Black "Vasiukov, Evgeni"]
[Result "1/2-1/2"]
[WhiteElo "2545"]
[BlackElo "2555"]

1.Nf3 d5 2.d4 Nf6 3.c4 dxc4 4.e3 e6 5.Bxc4 c5 6.Nc3 a6 7.dxc5 Qxd1+ 8.Kxd1 Bxc5
9.a3 b5 10.Bd3 Bb7 11.Ke2 Nbd7 12.b4 Be7 13.Bd2 O-O 14.Rhc1 Rfc8 15.Ra2 Nb6
16.Rac2 Kf8 17.Nb1 Rxc2 18.Rxc2 Rc8 19.Rxc8+ Nxc8 20.Nc3  1/2-1/2

[Event "Hastings7879"]
[Site "Hastings"]
[Date "1978.??.??"]
[Round "15"]
[White "Balshan, Amikam"]
[Black "Hartston, William R"]
[Result "0-1"]
[WhiteElo "2415"]
[BlackElo "2475"]

1.c4 Nf6 2.Nf3 c5 3.Nc3 e6 4.d4 cxd4 5.Nxd4 d5 6.cxd5 Nxd5 7.Qb3 Nxc3 8.bxc3 Nd7
9.g3 Nc5 10.Qc4 a6 11.Nf3 b5 12.Qd4 Bb7 13.Bg2 Qxd4 14.cxd4 Na4 15.O-O Be7
16.Ne5 Bxg2 17.Kxg2 Rc8 18.Be3 O-O 19.Rfd1 Nc3 20.Rdc1 f6 21.Nd7 Rfd8 22.Nc5 Bxc5
23.Rxc3 Bb6 24.Rxc8 Rxc8 25.a4 b4 26.a5 Bd8 27.Bd2 Rb8 28.Kf3 Rb5 29.Rb1 Bxa5
30.Ke4 e5 31.e3 Kf7 32.Kd3 Ke6 33.Kc4 Kd6 34.Be1 exd4 35.exd4 Kc6 36.f4 Bc7
37.Rxb4 Ba5 38.d5+ Kd7 39.Ra4 Bxe1 40.Rxa6 Rb4+ 41.Kc5 Rb7 42.Kd4 Bb4 43.Ra8 Ke7
44.Rh8 h6 45.Ke4 Kf7 46.Rc8 Re7+ 47.Kd3 f5 48.Kc4 Bd6 49.Rd8 Rc7+ 50.Kd3 Be7
51.Ra8 Bf6 52.Ra5 Rc3+ 53.Kd2 Rb3 54.Ra7+ Ke8 55.d6 Rb6 56.d7+ Ke7 57.Ke3 Rb3+
58.Ke2 Rb2+ 59.Kf1 Rxh2 60.Ra5 Kxd7 61.Rxf5 Ke6 62.Ra5 Bd4 63.f5+ Kf6 64.Rd5 Be5
65.g4 Rh4 66.g5+ hxg5 67.Kg2 Kxf5 68.Ra5 Rb4 69.Rc5 Rb2+ 70.Kf3 g4+  0-1